<?xml version="1.0" encoding="UTF-8"?>
<record
    xmlns:xsi="http://www.w3.org/2001/XMLSchema-instance"
    xsi:schemaLocation="http://www.loc.gov/MARC21/slim http://www.loc.gov/standards/marcxml/schema/MARC21slim.xsd"
    xmlns="http://www.loc.gov/MARC21/slim">

  <leader>00297nam a2200133Ia 4500</leader>
  <controlfield tag="008">191201s2011    xx            000 0 und d</controlfield>
  <datafield tag="082" ind1=" " ind2=" ">
    <subfield code="a">510</subfield>
    <subfield code="b">BAN</subfield>
  </datafield>
  <datafield tag="100" ind1=" " ind2=" ">
    <subfield code="a">BALAGURUSAMY,E</subfield>
  </datafield>
  <datafield tag="245" ind1=" " ind2="0">
    <subfield code="a">Numerical Methods</subfield>
  </datafield>
  <datafield tag="250" ind1=" " ind2=" ">
    <subfield code="a">Rep</subfield>
  </datafield>
  <datafield tag="260" ind1=" " ind2=" ">
    <subfield code="c">2011</subfield>
    <subfield code="b">TMH</subfield>
    <subfield code="a">NEW DELHI</subfield>
  </datafield>
  <datafield tag="300" ind1=" " ind2=" ">
    <subfield code="a">608</subfield>
  </datafield>
  <datafield tag="942" ind1=" " ind2=" ">
    <subfield code="2">ddc</subfield>
    <subfield code="c">BK</subfield>
  </datafield>
  <datafield tag="999" ind1=" " ind2=" ">
    <subfield code="c">7789</subfield>
    <subfield code="d">7789</subfield>
  </datafield>
  <datafield tag="952" ind1=" " ind2=" ">
    <subfield code="0">0</subfield>
    <subfield code="1">0</subfield>
    <subfield code="2">ddc</subfield>
    <subfield code="4">0</subfield>
    <subfield code="7">0</subfield>
    <subfield code="8">APPLIED</subfield>
    <subfield code="a">PIET</subfield>
    <subfield code="b">PIET</subfield>
    <subfield code="d">2017-08-05</subfield>
    <subfield code="e">DONATED BY DR.POOJA WALIA MAN</subfield>
    <subfield code="k">DONATED BY DR.POOJA WALIA MAN</subfield>
    <subfield code="l">0</subfield>
    <subfield code="o">510 BAN</subfield>
    <subfield code="p">29659</subfield>
    <subfield code="r">2019-12-04 00:00:00</subfield>
    <subfield code="w">2017-05-01</subfield>
    <subfield code="y">REF</subfield>
    <subfield code="z">Donated By Dr.pooja Walia Man</subfield>
  </datafield>
  <datafield tag="952" ind1=" " ind2=" ">
    <subfield code="0">0</subfield>
    <subfield code="1">0</subfield>
    <subfield code="2">ddc</subfield>
    <subfield code="4">0</subfield>
    <subfield code="7">0</subfield>
    <subfield code="8">APPLIED</subfield>
    <subfield code="a">PIET</subfield>
    <subfield code="b">PIET</subfield>
    <subfield code="d">2007-08-18</subfield>
    <subfield code="e">J B C, New Delhi</subfield>
    <subfield code="g">225.00</subfield>
    <subfield code="k">700</subfield>
    <subfield code="l">0</subfield>
    <subfield code="o">510 BAN</subfield>
    <subfield code="p">6179</subfield>
    <subfield code="r">2019-12-23 00:00:00</subfield>
    <subfield code="w">2007-07-28</subfield>
    <subfield code="y">BK</subfield>
  </datafield>
  <datafield tag="952" ind1=" " ind2=" ">
    <subfield code="0">0</subfield>
    <subfield code="1">0</subfield>
    <subfield code="2">ddc</subfield>
    <subfield code="4">0</subfield>
    <subfield code="7">0</subfield>
    <subfield code="8">APPLIED</subfield>
    <subfield code="a">PIET</subfield>
    <subfield code="b">PIET</subfield>
    <subfield code="d">2007-08-18</subfield>
    <subfield code="e">J B C, New Delhi</subfield>
    <subfield code="g">225.00</subfield>
    <subfield code="k">700</subfield>
    <subfield code="l">1</subfield>
    <subfield code="o">510 BAN</subfield>
    <subfield code="p">6180</subfield>
    <subfield code="r">2022-09-09 00:00:00</subfield>
    <subfield code="s">2022-07-14</subfield>
    <subfield code="w">2007-07-28</subfield>
    <subfield code="y">BK</subfield>
  </datafield>
  <datafield tag="952" ind1=" " ind2=" ">
    <subfield code="0">0</subfield>
    <subfield code="1">0</subfield>
    <subfield code="2">ddc</subfield>
    <subfield code="4">0</subfield>
    <subfield code="7">0</subfield>
    <subfield code="8">APPLIED</subfield>
    <subfield code="a">PIET</subfield>
    <subfield code="b">PIET</subfield>
    <subfield code="d">2007-08-18</subfield>
    <subfield code="e">J B C, New Delhi</subfield>
    <subfield code="g">225.00</subfield>
    <subfield code="k">700</subfield>
    <subfield code="l">1</subfield>
    <subfield code="o">510 BAN</subfield>
    <subfield code="p">6181</subfield>
    <subfield code="r">2022-06-18 00:00:00</subfield>
    <subfield code="s">2022-04-20</subfield>
    <subfield code="w">2007-07-28</subfield>
    <subfield code="y">BK</subfield>
  </datafield>
  <datafield tag="952" ind1=" " ind2=" ">
    <subfield code="0">0</subfield>
    <subfield code="1">0</subfield>
    <subfield code="2">ddc</subfield>
    <subfield code="4">0</subfield>
    <subfield code="7">0</subfield>
    <subfield code="8">APPLIED</subfield>
    <subfield code="a">PIET</subfield>
    <subfield code="b">PIET</subfield>
    <subfield code="d">2007-08-18</subfield>
    <subfield code="e">J B C, New Delhi</subfield>
    <subfield code="g">225.00</subfield>
    <subfield code="k">700</subfield>
    <subfield code="l">0</subfield>
    <subfield code="o">510 BAN</subfield>
    <subfield code="p">6182</subfield>
    <subfield code="r">2019-12-04 00:00:00</subfield>
    <subfield code="w">2007-07-28</subfield>
    <subfield code="y">BK</subfield>
  </datafield>
  <datafield tag="952" ind1=" " ind2=" ">
    <subfield code="0">0</subfield>
    <subfield code="1">0</subfield>
    <subfield code="2">ddc</subfield>
    <subfield code="4">0</subfield>
    <subfield code="7">0</subfield>
    <subfield code="8">BCA</subfield>
    <subfield code="a">PIET</subfield>
    <subfield code="b">PIET</subfield>
    <subfield code="d">2012-03-07</subfield>
    <subfield code="e">IBH, New Delhi</subfield>
    <subfield code="g">395.00</subfield>
    <subfield code="k">4863</subfield>
    <subfield code="l">1</subfield>
    <subfield code="o">510 BAN</subfield>
    <subfield code="p">BC170</subfield>
    <subfield code="r">2024-02-12 00:00:00</subfield>
    <subfield code="s">2024-01-04</subfield>
    <subfield code="v">254.06</subfield>
    <subfield code="w">2012-03-07</subfield>
    <subfield code="y">BK</subfield>
  </datafield>
  <datafield tag="952" ind1=" " ind2=" ">
    <subfield code="0">0</subfield>
    <subfield code="1">0</subfield>
    <subfield code="2">ddc</subfield>
    <subfield code="4">0</subfield>
    <subfield code="7">0</subfield>
    <subfield code="8">BCA</subfield>
    <subfield code="a">PIET</subfield>
    <subfield code="b">PIET</subfield>
    <subfield code="d">2012-03-07</subfield>
    <subfield code="e">IBH, New Delhi</subfield>
    <subfield code="g">395.00</subfield>
    <subfield code="k">4863</subfield>
    <subfield code="l">0</subfield>
    <subfield code="o">510 BAN</subfield>
    <subfield code="p">BC171</subfield>
    <subfield code="r">2019-12-04 00:00:00</subfield>
    <subfield code="v">254.06</subfield>
    <subfield code="w">2012-03-07</subfield>
    <subfield code="y">BK</subfield>
  </datafield>
  <datafield tag="952" ind1=" " ind2=" ">
    <subfield code="0">0</subfield>
    <subfield code="1">0</subfield>
    <subfield code="2">ddc</subfield>
    <subfield code="4">0</subfield>
    <subfield code="7">0</subfield>
    <subfield code="8">BCA</subfield>
    <subfield code="a">PIET</subfield>
    <subfield code="b">PIET</subfield>
    <subfield code="d">2012-03-07</subfield>
    <subfield code="e">IBH, New Delhi</subfield>
    <subfield code="g">395.00</subfield>
    <subfield code="k">4863</subfield>
    <subfield code="l">1</subfield>
    <subfield code="o">510 BAN</subfield>
    <subfield code="p">BC172</subfield>
    <subfield code="r">2024-01-11 00:00:00</subfield>
    <subfield code="s">2024-01-04</subfield>
    <subfield code="v">254.06</subfield>
    <subfield code="w">2012-03-07</subfield>
    <subfield code="y">BK</subfield>
  </datafield>
</record>
